Species of crocodilians - Statistics

General Stats
  • This quiz has been taken 105 times
  • The average score is 13 of 28
Answer Stats
Answer % Correct
American alligator
93%
Saltwater crocodile
93%
Nile crocodile
86%
Chinese alligator
83%
Gharial
81%
American crocodile
77%
Black caiman
69%
False gharial
59%
Smooth-fronted caiman
53%
Freshwater crocodile
50%
Dwarf crocodile
49%
Spectacled caiman
49%
Cuban crocodile
47%
Mugger crocodile
47%
Orinoco crocodile
43%
Philippine crocodile
39%
Siamese crocodile
36%
New Guinea crocodile
33%
Cuvier's dwarf caiman
29%
Morelet's crocodile
29%
West African crocodile
27%
West African slender-snouted crocodile
27%
Yacare caiman
27%
Broad-snouted caiman
21%
Borneo crocodile
20%
Central African slender-snouted crocodile
17%
Hall's New Guinea crocodile
14%
Osborn's dwarf crocodile
14%
No matching quizzes found
Score Distribution
Percent of People with Each Score
Percentile by Number Answered
Your Score History
You have not taken this quiz